000 00630nam a2200145Ia 4500
008 151213s9999 xx 000 0 und d
100 _aশ্রীউৎপল ভট্টাচার্য।
245 _aবাংলদেশে লোক সংস্কৃতির চর্চা।
_cশ্রীউৎপল ভট্টাচার্য।
260 _aঢাকা
_bকল্যানী বিশ্ববিদ্যালয়।
_c2001
300 _a8731 p.
650 _aBangla
650 _aসংস্কৃতি।
700 _aশ্রীউৎপল ভট্টাচার্য।
999 _c4517
_d4517